Guess the FC26 gold cards - Statistics

General Stats
  • This quiz has been taken 53 times
  • The average score is 20 of 62
Answer Stats
OVR Position Club Answer % Correct
91 ST Real Madrid Kylian Mbappe
94%
90 ST PSG Ousmane Dembele
75%
89 CM Barcelona Pedri
71%
90 CDM Man City Rodri
69%
90 ST Man City Erling Haaland
67%
91 RW Liverpool Mohammed Salah
67%
90 CB Liverpool Van Dijk
67%
90 CAM Real Madrid Jude Bellingham
60%
89 RM Barcelona Lamine Yamal
60%
89 GK Real Madrid Thibaut Courtois
56%
89 LW Real Madrid Vinicius Jr.
52%
89 GK Liverpool Alisson
50%
88 ST Barcelona Lewandowski
50%
89 CDM Bayern Munich Joshua Kimmich
48%
89 LM Barcelona Raphinha
48%
89 RB PSG Achraf Hakimi
46%
89 CM Real Madrid Federico Valverde
46%
89 ST Bayern Munich Harry Kane
46%
89 CAM Liverpool Florian Wirtz
44%
89 GK Man City Gianluigi Donnarumma
44%
88 ST Liverpool Isak
44%
88 ST Inter Milan Lautaro Martinez
42%
88 CB Arsenal Gabriel
40%
88 RW Arsenal Saka
40%
87 CDM Arsenal Declan Rice
38%
88 CAM Bayern Munich Musiala
38%
88 GK Atletico Madrid Oblak
38%
87 CM Barcelona De Jong
35%
91 CM Barcelona F Alexia Putellas
33%
87 CB Inter Milan Bastoni
33%
87 CAM Chelsea Cole Palmer
33%
87 CDM Chelsea Caicedo
31%
87 CM Napoli De bruyne
31%
87 CB PSG Marquinhos
29%
91 CM Barcelona F Aitana Bonmati
27%
88 CB Barcelona F Paredes
25%
88 GK Lyon F Endler
21%
90 RW Barcelona F Graham Hansen
21%
87 ST Guinea Guirassy
21%
87 LW PSG Kvaratskhelia
21%
88 LM Chelsea F Reiten
21%
89 ST Man City F Shaw
21%
87 RB Chelsea F Bronze
19%
88 ST Barcelona F Pajor
19%
88 RW Lyon F Diani
13%
89 CB Barcelona F Mapi Leon
13%
89 CM Arsenal F Mariona
13%
87 RM Arsenal F Chloe Kelly
10%
89 CDM Barcelona F Guijarro
10%
87 RM Arsenal F Mead
10%
88 ST Portland Thorns Sophia Wilson
10%
88 ST Lyon F Katoto
8%
88 CAM KC Current Debinha
6%
87 LB PSG F Karchaoui
6%
87 LM Chicago red stars Swanson
6%
87 LM Man City F Hemp
4%
87 CAM NY Gotham Lavelle
4%
89 CM PSG Vitnha
4%
89 ST Arsenal F Alessia Russo
2%
87 CAM Lyon F Heaps
2%
87 ST Lyon F Hegerberg
2%
87 CB Arsenal F Williamson
2%
No matching quizzes found
Score Distribution
Percent of People with Each Score
Percentile by Number Answered
Your Score History
You have not taken this quiz